000 00794nam a2200229 a 4500
001 57394
003 BD-RjUL
005 20211209080514.0
008 160812s2014 bg ||||| |||| 00| 0 ben d
020 _a9789849093299
_c: Tk.300.00
035 _a(BD-RjUL)57518
040 _aBD-RjUL
_bben
_cBD-RjUL
_dBD-RjUL
041 _aben
082 _223
_a891.443
_bSAN 2014
100 _aসরকার, আবদুল মান্নান
_9170404
245 1 0 _aনয়া বসত /
_cআবদুল মান্নান সরকার
260 _aঢাকা :
_bমনন প্রকাশ,
_c২০১৪.
300 _a২০৮ পৃ. ;
_c২১ সেমি.
650 _aবাংলা উপন্যাস
_9170454
650 _aBengali Fiction
_9170455
942 _2ddc
_cBK
_01
999 _c57394
_d57394